000
00223nam a22000857a 4500
001
1236072
005
20251001124416.0
245
_a
KONUK DEĞİL BAŞ BELASI
_c
CHRISTINE NÖSTLINGER
260
_b
GÜNIŞIĞI KİTAPLIĞI YAYINLARI
999
_c
1236072
_d
1236072